[Event "Fischer Memorial Tournie"]
[Site "SchemingMind.com"]
[Date "2008.10.16"]
[Round "-"]
[White "Oskyrain"]
[Black "HanadaNo3"]
[Result "1/2-1/2"]
[WhiteCountry "ARG"]
[BlackCountry "USA"]
[WhiteElo "2288"]
[WhiteRD "100"]
[BlackElo "2435"]
[BlackRD "76"]
[GameID "175099"]

1. e4 e5 2. Nf3 Nc6 3. Bb5 a6 4. Ba4 Nf6 5. O-O Be7 6. Re1 b5 7. Bb3 O-O 8. c3 d5 9. exd5 Nxd5 10. Nxe5 Nxe5
11. Rxe5 c6 12. d4 Bd6 13. Re1 Qh4 14. g3 Qh3 15. Be3 Bg4 16. Qd3 Rae8 17. Nd2 Re6 18. a4 bxa4 19. Bxa4 Bf4 20. Qf1 Nxe3
21. Qxh3 Bxh3 22. Nf3 Nc4 23. Rxe6 fxe6 24. gxf4 Rxf4 25. Ne1 Nxb2 26. Bxc6 Rf5 27. Nf3 Nd3 28. Rxa6 g6 29. Ba8 Rf4 30. Ne5 Rxf2
31. Ra1 Rd2 32. Nxd3 Rxd3 33. Ra3 Bf5 34. Bg2 h5 35. Bf1 Rd1 36. Kf2= Bd3 37. Bh3 Kf7 38. Ke3 Bc4 39. Bg2 Re1+ 40. Kf2 Re2+
41. Kg1 Kf6 42. Ra4 Bd5 43. Bxd5 exd5 44. Ra6+ Re6 45. Ra5 Re3 46. Rxd5 Rxc3 47. Kf2 Rd3 48. Rd8 h4 49. d5 Rd2+ 50. Ke3 Rxh2
51. d6 Rh1=
1/2-1/2

[Event "Fischer Memorial Tournie"]
[Site "SchemingMind.com"]
[Date "2008.11.26"]
[Round "-"]
[White "chesshub"]
[Black "Konan_Kaddosh"]
[Result "1/2-1/2"]
[WhiteCountry "FRA"]
[BlackCountry "ITA"]
[WhiteElo "2451"]
[WhiteRD "67"]
[BlackElo "2611"]
[BlackRD "68"]
[GameID "180463"]

1. e4 c5 2. Nf3 Nc6 3. d4 cxd4 4. Nxd4 e5 5. Nb5 d6 6. c4 Be7 7. b3 f5 8. exf5 Bxf5 9. Bd3 e4 10. Be2 a6
11. N5c3 Bf6 12. Bb2 Nge7 13. O-O O-O 14. a3 Kh8 15. Ra2 Qb6 16. Nd2 e3 17. Na4 exf2+ 18. Rxf2 Qe3 19. Nf3 Be4 20. Bxf6 Rxf6
21. Qd2 Qxb3 22. Bd1 Qd3 23. Qxd3 Bxd3 24. Rad2 Bf5 25. c5 Rd8 26. cxd6 Rfxd6 27. Nc5 Rxd2 28. Rxd2 Bc8 29. Rxd8+ Nxd8 30. Ne5 g6
31. Kf2 b6 32. Ne4 Ndc6 33. Nxc6 Nxc6 34. g4 h6 35. Be2 b5 36. Ke3 g5 37. Nc5 Ne5 38. Ke4 Ng6 39. Bf3 Nh4 40. Be2 Ng2=
1/2-1/2

[Event "Fischer Memorial Tournie"]
[Site "SchemingMind.com"]
[Date "2008.11.26"]
[Round "-"]
[White "Konan_Kaddosh"]
[Black "chesshub"]
[Result "1/2-1/2"]
[WhiteCountry "ITA"]
[BlackCountry "FRA"]
[WhiteElo "2611"]
[WhiteRD "68"]
[BlackElo "2451"]
[BlackRD "67"]
[GameID "180473"]

1. d4 Nf6 2. Bg5 e6 3. Nf3 h6 4. Bxf6 Qxf6 5. e4 d6 6. Nc3 Nd7 7. Qd2 a6 8. O-O-O Qd8 9. Kb1 b5 10. h4 Bb7
11. a3 c5 12. dxc5 Nxc5 13. e5 Bxf3 14. gxf3 dxe5 15. Qe2 Qc7 16. f4 Bd6 17. Rg1 exf4 18. Nd5 Qd8 19. Nxf4 Qxh4 20. Rg4 Qe7
21. Rxg7 O-O-O 22. Nh5 Qc7 23. Qf3 Qb7 24. Rxf7 Qxf3 25. Rxf3 Bc7 26. Rxd8+ Rxd8 27. Be2 Be5 28. Kc1 Kc7 29. Rf7+ Rd7 30. Rxd7+ Nxd7
31. c3 Nb6 32. Kc2 Nd5 33. Kb3 Kd6 34. Bf1 Bh2 35. a4 Kc5 36. Bh3 Kd6 37. Bg4 bxa4+ 38. Kxa4 Bg1 39. f3 Bb6 40. Ng7=
1/2-1/2

[Event "Fischer Memorial Tournie"]
[Site "SchemingMind.com"]
[Date "2009.01.27"]
[Round "-"]
[White "MichaelDV"]
[Black "HanadaNo3"]
[Result "0-1"]
[WhiteCountry "SWE"]
[BlackCountry "USA"]
[WhiteElo "2396"]
[WhiteRD "74"]
[BlackElo "2469"]
[BlackRD "85"]
[GameID "189334"]

1. d4 Nf6 2. Nf3 c5 3. d5 b5 4. a4 b4 5. Bg5 Ne4 6. Bf4 g6 7. Nbd2 Nxd2 8. Qxd2 Bg7 9. Be5 f6 10. Bg3 d6
11. e4 O-O 12. Bc4 Bg4 13. O-O= Bxf3 14. gxf3 f5 15. Rab1 Nd7 16. Bb5 a6 17. Bd3 Ne5 18. Be2 fxe4 19. fxe4 Nf3+ 20. Bxf3 Rxf3
21. Kg2 Rf7 22. Qe2 Qd7 23. b3 e6 24. Qc4 e5 25. Rbe1 Bh6 26. Qe2= a5 27. h3 Raf8 28. Qa6 Qc7 29. Re2 Bf4 30. f3 Qd8
31. Be1 Qg5+ 32. Kh1 Rf6 33. Qd3 Qh5 34. Kg2 Kg7 35. Rg1 Bc1 36. Rf1 Bb2 37. Bd2 Bd4 38. Ree1 h6 39. Qe2 g5 40. Rd1 Qg6
41. Qe1 R6f7 42. Qg3 c4 43. Rde1 Rc7 44. Re2 cxb3 45. cxb3 Rc2 46. Qe1 Rfc8 47. Qd1 Qf7 48. h4 Rb2 49. hxg5 Rcc2 50. Rfe1 Rxb3
51. Rf1 Rbb2 52. Rfe1 b3 53. Bc1 Rxe2+ 54. Rxe2 Rb1 55. gxh6+ Kh7
0-1

[Event "Fischer Memorial Tournie"]
[Site "SchemingMind.com"]
[Date "2009.01.27"]
[Round "-"]
[White "HanadaNo3"]
[Black "MichaelDV"]
[Result "1-0"]
[WhiteCountry "USA"]
[BlackCountry "SWE"]
[WhiteElo "2469"]
[WhiteRD "85"]
[BlackElo "2396"]
[BlackRD "74"]
[GameID "189339"]

1. e4 c5 2. Nf3 e6 3. d4 cxd4 4. Nxd4 Nc6 5. Nc3 Qc7 6. Be3 a6 7. Be2 Nf6 8. O-O Bb4 9. Na4 Be7 10. Nxc6 bxc6
11. Bb6 Qb8 12. Bf3 O-O 13. c4 d6 14. b4 e5 15. c5 dxc5 16. bxc5 Be6 17. Qc2 Qb7 18. Rab1 Rab8 19. Bd8 Rfxd8 20. Rxb7 Rxb7
21. Nb6 Nd7 22. Rd1 Nxc5 23. Rxd8+ Bxd8 24. Qxc5 Rxb6 25. h3 Bxa2 26. Qxe5 Be6 27. Bg4 c5 28. Qxc5 Bxg4 29. hxg4 g5 30. Kf1 Re6
31. Qc8 Re8 32. g3 a5 33. Kg2 Kf8 34. f4 h6 35. e5
1-0

[Event "Fischer Memorial Tournie"]
[Site "SchemingMind.com"]
[Date "2009.02.16"]
[Round "-"]
[White "bernadjm"]
[Black "chesshub"]
[Result "1/2-1/2"]
[WhiteCountry "ESP"]
[BlackCountry "FRA"]
[WhiteElo "2279"]
[WhiteRD "123"]
[BlackElo "2457"]
[BlackRD "73"]
[GameID "192683"]

1. e4 c5 2. Nf3 d6 3. d4 cxd4 4. Nxd4 Nf6 5. Nc3 a6 6. Be3 Ng4 7. Bg5 h6 8. Bc1 Nf6 9. Bc4 e6 10. Bb3 Nc6
11. Be3 Qc7 12. f4 Be7 13. O-O b5 14. Nxc6 Qxc6 15. f5 O-O 16. fxe6 Bxe6 17. Nd5 Bxd5 18. exd5 Qd7 19. Bd4 Ng4 20. h3 Ne5
21. Kh1 a5 22. a4 b4 23. c3 bxc3 24. bxc3 Bg5 25. Rb1 Rfe8 26. Bc2 Qc7 27. Rb6 Rab8 28. Ra6 Rb2 29. Rf2 g6 30. Qf1 Qd8
31. Re2 Rb7 32. Bb1 Rbe7 33. Ba2 h5 34. Bb3 Rb7 35. Bc2=
1/2-1/2

[Event "Fischer Memorial Tournie"]
[Site "SchemingMind.com"]
[Date "2009.02.16"]
[Round "-"]
[White "chesshub"]
[Black "bernadjm"]
[Result "1-0"]
[WhiteCountry "FRA"]
[BlackCountry "ESP"]
[WhiteElo "2457"]
[WhiteRD "73"]
[BlackElo "2279"]
[BlackRD "123"]
[GameID "192686"]

1. e4 e6 2. d4 d5 3. Nd2 dxe4 4. Nxe4 Nd7 5. Nf3 Ngf6 6. Nxf6+ Nxf6 7. c3 c5 8. Be3 Qc7 9. Ne5 a6 10. Qa4+ Nd7
11. Nf3 Be7 12. dxc5 O-O 13. c6 bxc6 14. O-O-O Rb8 15. Rd2 e5 16. Bd3 Kh8 17. Rhd1 f5 18. Bg5 Bf6 19. Bc4 e4 20. Bxf6 Nxf6
21. Nd4 Bd7 22. Nb3 Be8 23. g3 Bh5 24. Re1 Nd7 25. f4 Nb6 26. Qa5 Bf7 27. Be2 Bxb3 28. axb3 Qf7 29. c4 Nd7 30. Rd6 Nf6
31. Rxc6 Qb7 32. Rxa6 Qxb3 33. Qa3 Qb7 34. Ra5 Rfc8 35. Qc3 Qb6 36. c5 Qc7 37. Bc4 Qe7 38. b4 Rd8 39. Ra6 Nd5 40. Bxd5 Rxd5
41. Rd1 Rxd1+ 42. Kxd1 e3 43. Qc4 Qd7+ 44. Rd6 Qa4+ 45. Ke2 Qa1 46. Qe6 Qb2+= 47. Kxe3 Qxh2 48. Kd3 Qg1 49. Kc2 Qg2+ 50. Rd2 Qa8
51. c6
1-0

[Event "Fischer Memorial Tournie"]
[Site "SchemingMind.com"]
[Date "2009.06.16"]
[Round "-"]
[White "HanadaNo3"]
[Black "chesshub"]
[Result "0-1"]
[WhiteCountry "USA"]
[BlackCountry "FRA"]
[WhiteElo "2438"]
[WhiteRD "85"]
[BlackElo "2506"]
[BlackRD "68"]
[GameID "208838"]

1. e4 e5 2. Nf3 Nc6 3. Bb5 a6 4. Ba4 Nf6 5. O-O Be7 6. Re1 b5 7. Bb3 O-O 8. h3 Bb7 9. d3 d6 10. a4 Na5
11. Ba2 c5 12. Nbd2 Qc7 13. Nf1 Bc8 14. Ne3 Be6 15. Bd2 b4 16. Ng5 Bd7 17. Nf5 Bxf5 18. exf5 Rad8 19. Qe2 Nc6 20. Bxf7+ Rxf7
21. c3 Qd7 22. Nxf7 Kxf7 23. g4 h6 24. f4 Nd5 25. fxe5 dxe5 26. Qe4 Nf6 27. Qc4+ Qd5 28. Rad1 Qxc4 29. dxc4 b3 30. Bc1 Rxd1
31. Rxd1 Na5 32. Kf1 Nxc4 33. Kg2 a5 34. Kf3 e4+ 35. Ke2 Nb6
0-1

[Event "Fischer Memorial Tournie"]
[Site "SchemingMind.com"]
[Date "2009.06.17"]
[Round "-"]
[White "chesshub"]
[Black "HanadaNo3"]
[Result "1-0"]
[WhiteCountry "FRA"]
[BlackCountry "USA"]
[WhiteElo "2506"]
[WhiteRD "68"]
[BlackElo "2438"]
[BlackRD "85"]
[GameID "208843"]

1. c4 Nf6 2. Nf3 e6 3. Nc3 c5 4. g3 Nc6 5. Bg2 Be7 6. O-O O-O 7. d4 cxd4 8. Nxd4 Qa5 9. e3 a6 10. Bd2 Qc7
11. Rc1 Rb8 12. a3 Rd8 13. Qc2 g6 14. Rfd1 Nxd4 15. exd4 b6 16. Bg5 d6 17. Qd2 Bb7 18. d5 e5 19. Na2 a5 20. Nc3 Qd7
21. Re1 Rbc8 22. b3 Ba6 23. f4 Qc7 24. Kh1 Ne8 25. Bxe7 Qxe7 26. Qe3 Rb8 27. fxe5 dxe5 28. Qxe5 Qxa3 29. Ne4 Qb4 30. Rcd1 Bb7
31. Rf1 f5 32. Qe6+ Kf8 33. Rxf5+ gxf5 34. Qxf5+
1-0